000 00291nam a2200133Ia 4500
100 _aGrant/ H.E.
942 _cBK
654 _aJigs And fixtures
245 _aJigs and fixtures
260 _bTata Mc Graw hill
_aNEW DELHI
_c1979
082 _a621.9
_bJos
546 _aENGLISH
999 _c18852
_d18852